Identity Crisis and woman in A Golden age by Tahmima Anam (Record no. 172242)

MARC details
000 -LEADER
fixed length control field 00549nam a22001817a 4500
005 - DATE AND TIME OF LATEST TRANSACTION
control field 20200130123254.0
010 ## - LCCN (DPL NO)
LC control number ENG-127573
020 ## - INTERNATIONAL STANDARD BOOK NUMBER
International Standard Book Number 9789388927406
Terms of availability 150.00
035 ## - SYSTEM CONTROL NUMBER
System control number EN-111105
037 ## - SOURCE OF ACQUISITION
Source of stock number/acquisition DBAD/PUB
082 ## - DEWEY DECIMAL CLASSIFICATION NUMBER
Classification number 880.88
100 ## - MAIN ENTRY--PERSONAL NAME
Personal name Vyas,Namrata
245 ## - TITLE STATEMENT
Title Identity Crisis and woman in A Golden age by Tahmima Anam
Statement of responsibility, etc by Vyas, Namrata
260 ## - PUBLICATION, DISTRIBUTION, ETC. (IMPRINT)
Place of publication, distribution, etc Ahmedabad
Name of publisher, distributor, etc Vedant Publication
Date of publication, distribution, etc 2019
270 ## - ADDRESS
City Ahmedabad
Address Rajkot, Ahmedabad, Surat
Postal code 360001
300 ## - PHYSICAL DESCRIPTION
Extent 120p.
Other physical details 21cm(pbk)
942 ## - ADDED ENTRY ELEMENTS (KOHA)
Source of classification or shelving scheme Dewey Decimal Classification
Item type English Books
Classification part 808.88
Call number suffix VYA
Holdings
Withdrawn status Lost status Not for loan Collection code Home library Current library Date acquired Source of acquisition Cost, normal purchase price Full call number Barcode Copy number Cost, replacement price Koha item type
      Non-fiction Sarojini Nagar Sarojini Nagar 30/01/2020 DBAD/PUB 150.00 808.88 VYA EN-111105 1 150.00 English Books

© Delhi Public Library
Hit Counter
free hit counter